[Event "Africa-ch U14 Girls"]
[Site "Johannesburg"]
[Date "2024.06.22"]
[Round "9"]
[White "Rjeb, Nadine"]
[Black "Nalamalpu, Eesha Reddy"]
[Result "0-1"]
[WhiteElo "1678"]
[BlackElo "1780"]
[PlyCount "70"]
[EventDate "2024.06.16"]
[EventType "swiss"]
[EventRounds "9"]
[EventCountry "RSA"]
[SourceTitle "EXT 2025"]
[Source "ChessBase"]
[SourceDate "2024.10.14"]
[SourceVersion "1"]
[SourceVersionDate "2024.10.14"]
[SourceQuality "1"]

1. d4 d5 2. Nf3 e6 3. e3 Nf6 4. Bd3 c5 5. c3 c4 6. Bc2 Nc6 7. Nbd2 Be7 8. e4 a6 9. e5 Nd7 10. a4 Rb8 11. 0-0 b5 12. axb5 axb5 13. h3 Bb7 14. Nh2 b4 15. f4 b3 16. Bb1 Qb6 17. Ndf3 g6 18. Kh1 h5 19. Ng5 Bxg5 20. fxg5 Ke7 21. Qf3 Rbf8 22. Be3 Kd8 23. Rd1 Kc8 24. Nf1 Qd8 25. Nd2 Kc7 26. Nxc4 dxc4 27. Be4 Qb8 28. d5 Ncxe5 29. Qg3 Kc8 30. Bf4 h4 31. Qe3 Re8 32. dxe6 Rxe6 33. Ra7 Bxe4 34. Rdxd7 Nxd7 35. Bxb8 Bxg2+ 0-1